Making social science matter (Record no. 34643)

MARC details
000 -LEADER
campo de control de longitud fija 01126cam a2200361Mi 4500
001 - NÚMERO DE CONTROL
campo de control 101194
005 - FECHA Y HORA DE LA ÚLTIMA TRANSACCIÓN
campo de control 20230410105333.0
008 - DATOS DE LONGITUD FIJA--INFORMACIÓN GENERAL
campo de control de longitud fija 010205s2001 xx 000 0 eng d
010 ## - NÚMERO DE CONTROL DE LA BIBLIOTECA DEL CONGRESO
Número de control de LC 00023608
035 ## - NÚMERO DE CONTROL DEL SISTEMA
Número de control de sistema (OCoLC)ocn174689204
040 ## - FUENTE DE CATALOGACIÓN
Centro catalogador/agencia de origen HEBIS
Lengua de catalogación ger
Centro/agencia transcriptor HEBIS
Centro/agencia modificador BAKER
020 ## - NÚMERO INTERNACIONAL ESTÁNDAR DEL LIBRO
Número Internacional Estándar del Libro 052177568X
020 ## - NÚMERO INTERNACIONAL ESTÁNDAR DEL LIBRO
Número Internacional Estándar del Libro 9780521775687
020 ## - NÚMERO INTERNACIONAL ESTÁNDAR DEL LIBRO
Número Internacional Estándar del Libro 0521772680
020 ## - NÚMERO INTERNACIONAL ESTÁNDAR DEL LIBRO
Número Internacional Estándar del Libro 9780521772686
029 1# - OTRO NÚMERO DE CONTROL DE SISTEMA (OCLC)
Identificador de la biblioteca OCLC HEBIS
Número de control de sistema 095642005
035 ## - NÚMERO DE CONTROL DEL SISTEMA
Número de control de sistema (OCoLC)174689204
041 0# - CÓDIGO DE IDIOMA
Código de lengua del texto/banda sonora o título independiente eng
050 14 - SIGNATURA TOPOGRÁFICA DE LA BIBLIOTECA DEL CONGRESO
Número de clasificación H61
Número de ítem F648m 2001
100 1# - ENTRADA PRINCIPAL--NOMBRE DE PERSONA
Nombre de persona Flyvbjerg, Bent
Relación aut
245 00 - MENCIÓN DEL TÍTULO
Título Making social science matter
Resto del título why social inquiry fails and how it can count again
Mención de responsabilidad, etc. Bent Flyvbjerg
260 ## - PUBLICACIÓN, DISTRIBUCIÓN, ETC.
Lugar de publicación, distribución, etc. Cambridge [u.a.]
Nombre del editor, distribuidor, etc. Cambridge Univ. Press
Fecha de publicación, distribución, etc. 2001
300 ## - DESCRIPCIÓN FÍSICA
Extensión X, 204 S.
504 ## - NOTA DE BIBLIOGRAFÍA, ETC.
Nota de bibliografía, etc. Literaturangaben
546 ## - NOTA DE IDIOMA
Nota de lengua/lenguaje Aus d. Dèan. èubers.
650 07 - PUNTO DE ACCESO ADICIONAL DE MATERIA--TÉRMINO DE MATERIA
Término de materia o nombre geográfico como elemento de entrada Sozialwissenschaften
Fuente del encabezamiento o término swd
650 07 - PUNTO DE ACCESO ADICIONAL DE MATERIA--TÉRMINO DE MATERIA
Término de materia o nombre geográfico como elemento de entrada Wissenschaftstheorie
Fuente del encabezamiento o término swd
938 ## -
-- Baker & Taylor
-- BKTY
-- 24.99
-- 24.99
-- 052177568X
-- 0003628532
-- active
938 ## -
-- Baker & Taylor
-- BKTY
-- 80.00
-- 80.00
-- 0521772680
-- 0003490080
-- active
942 ## - ELEMENTOS DE ENTRADA SECUNDARIOS (KOHA)
Fuente del sistema de clasificación o colocación Clasificación de Library of Congress
Tipo de ítem Koha
946 ## - PROCESAMIENTO DE INFORMACIÓN LOCAL (OCLC)
a INF
994 ## -
-- C0
-- DRFGD
Holdings
Estatus retirado Estado de pérdida Fuente del sistema de clasificación o colocación Estado de daño No para préstamo Colección Biblioteca de origen Biblioteca actual Ubicación en estantería Fecha de adquisición Serial enumeration / chronology Signatura topográfica completa Código de barras Visto por última vez Copia número Tipo de ítem Koha
    Clasificación de Library of Congress     Ciencias Sociales Biblioteca Juan Bosch Biblioteca Juan Bosch Ciencias Sociales (3er. Piso) 10/04/2023 3 H61 F648m 2001 00000094478 24/10/2018 1